allemand Kapitel 4.2 - Statistiques

Statistiques générales
  • Ce quiz a été pris 21 fois
  • Le résultat moyen est 15 sur 34
Statistiques - réponses
Français Allemand % Correct
gagner gewinnen
100%
mélanger mischen
100%
le jeu de table das Brettspiel
75%
le jeu de cartes das Kartenspiel
75%
le jeu en ligne das Onlinespiel
75%
le dé der Würfel
75%
les jeux de tables die Brettspiele
75%
l'époque die Epoche
75%
les époques die Epochen
75%
les jeux de cartes die Kartenspiele
75%
la motricité die Motorik
75%
les jeux en ligne die Onlinespiele
75%
conj gewinnt, gewann, hat gewonnen
75%
c'est à moi / à mon tour Ich bin dran / Ich bin an der Reihe
75%
perdre verlieren
75%
les échecs das Schach
50%
la pile der Stapel
50%
reculer d'une case ein Feld zurückgehen
50%
l'aisance der Wohlstand
25%
la capacité die Fähigkeit
25%
les capacités die Fähigkeiten
25%
sauter son tour eine Runde aussetzen
25%
avancer d'une case ein Feld vorrücken
25%
former schulen
25%
se développer sich entwickeln
25%
conj verliert, verlor, hat verloren
25%
le comportement social das Sozialverhalten
0%
la convivialité die Geselligkeit
0%
la perception die Wahrnehmung
0%
les perceptions die Wahrnehmungen
0%
rendre qqu responsable de qqc (jdn./etw.) verantwortlich machen für (+akk)
0%
se consacrer à qqu/c sich widmen (+dat.)
0%
disposer de qqc verfügen über (+akk)
0%
condamner verurteilen
0%
Aucun quiz correspondant
Distribution des résultats
% des personnes avec chaque résultat
Percentile par nombre de réponses
Votre historique - résultats
Vous n’avez pas pris ce quiz